Statistics for Katie McGrath

Click here to take the quiz!

General Stats

  • This quiz has been taken 7 times
  • The average score is 4 of 6

Answer Stats

questionAnswer% Correct
year she was born1983
75%
siblings2
75%
nationalityirish
75%
pet typeDog
50%
pet nameush
50%
full nameKatherine Elizebeth McGrath
25%

Score Distribution

Percentile by Number Answered

Percent of People with Each Score

Your Score History

You have not taken this quiz